Statistiques concernant Quiz sur l'Empire britannique

Cliquez ici pour prendre le quiz!

Statistiques générales

  • Ce quiz a été pris 5 441 fois
    (5 395 depuis la dernière actualisation)
  • Le résultat moyen est 9 sur 20

Statistiques - réponses

QuestionRéponse% Correct
Capitale de l'Empire britanniqueLondres
99%
Rang dans le classement des plus vastes empire de l'HistoirePremier
97%
Reine du Royaume-Uni de 1837 à 1901Victoria
67%
Nom du plus grand pays moderne ayant été contrôlé par l'Empire britanniqueCanada
60%
Organisation gouvernementale constitué de 56 membres, qui sont presque tous d'anciens territoires de l'Empire britanniqueCommonwealth
60%
Première colonie britannique à avoir obtenu son indépendanceÉtats-Unis
60%
Pays auquel appartenait le Kenya en 1890, avant que les Britanniques n'en prennent possessionAllemagne
52%
Nom du célèbre navigateur ayant colonisé l'AustralieJames Cook
41%
Ancien nom de New-York, avant sa conquête par l'Empire britanniqueNouvelle-Amsterdam
41%
Année de l'indépendance de cette dernière1776
39%
Nom colonial britannique du Sri LankaCeylan
33%
Dernière colonie abandonnée par les BritanniquesHong Kong
30%
Nom qui désignait la région qui englobe le Zimbabwe, la Zambie et le MalawiRhodésie
29%
Culture qui y fut introduite et dont le Kenya est encore aujourd'hui le premier exportateur mondialThé
28%
Année de rétrocession de cette dernière1997
27%
Nom de la célèbre guerre qui opposa notamment les Britanniques aux Français, permettant à l'Empire de gagner des colonies au Canada après sa victoireGuerre de Sept Ans
27%
Régime colonial britannique qu'a connu le sous-continent indien{Raj} britannique
24%
Année de l'apogée de l'Empire britannique1922
18%
Nom colonial britannique du YémenProtectorat d'{Aden}
15%
Pays actuel qui était dirigé conjointement par la France et le Royaume-UniVanuatu
9%

Distribution des résultats

Percentile par nombre de réponses

% des personnes avec chaque résultat

Votre développement - résultats

Vous n’avez pas pris ce quiz depuis la dernière actualisation